| 000 | 00703nam a2200229Ia 4500 | ||
|---|---|---|---|
| 003 | OSt | ||
| 005 | 20230727150346.0 | ||
| 008 | 210716s1984 xx 000 0 und d | ||
| 020 | _a0434985554 | ||
| 040 | _cAIMIT LIBRARY | ||
| 041 | _aeng | ||
| 082 |
_a005.1 _22 _bMAYJ |
||
| 100 |
_aMaynard, J. _9128694 |
||
| 245 |
_aComputer programming made simple / _cBy J Maynard. |
||
| 250 | _a2nd ed. | ||
| 260 |
_aLondon : _c1984. _bWilliam Heinemann Ltd , |
||
| 300 |
_axviii,350p. ; _bPB _c20 cm. |
||
| 650 |
_aCobol programming language _9128695 |
||
| 650 |
_aCommunication with the computer operator _9128696 |
||
| 650 |
_aFortran programming language _9128697 |
||
| 942 |
_2ddc _cBK _e2nd ed. _k005.1 MAYJ |
||
| 999 |
_c180740 _d180740 |
||